DELHI A NOVEL (Record no. 13647)

MARC details
000 -LEADER
fixed length control field 00320nam a2200133Ia 4500
008 - FIXED-LENGTH DATA ELEMENTS--GENERAL INFORMATION
fixed length control field 240624s9999 xx 000 0 und d
041 ## - LANGUAGE CODE
Language code of text/sound track or separate title eng
082 ## - DEWEY DECIMAL CLASSIFICATION NUMBER
Classification number 823 SIN
100 ## - MAIN ENTRY--PERSONAL NAME
Personal name SINGH KHUSHWANT
245 ## - TITLE STATEMENT
Title DELHI A NOVEL
260 ## - PUBLICATION, DISTRIBUTION, ETC.
Date of publication, distribution, etc. 1990
Place of publication, distribution, etc. New Delhi
Name of publisher, distributor, etc. Penguin Books
300 ## - PHYSICAL DESCRIPTION
Extent 391 : p. : cm. ; 19
365 ## - TRADE PRICE
Currency code RS
Price amount 30
Holdings
Withdrawn status Lost status Damaged status Not for loan Home library Current library Shelving location Date acquired Source of acquisition Cost, normal purchase price Total Checkouts Full call number Barcode Date last seen Date last checked out Copy number Price effective from Koha item type
        IMTN IMTN Rack 41-A 08/13/2009 PSBE 250.00 3 823 SIN 13647 12/01/2025 11/18/2025 1 06/24/2024 Books
Designed & Maintained by: LRC IMT Nagpur Contact: lrc@imtnag.ac.in© 2024. All Rights Reserved.